Priebežná (medziročná) účtovná závierka podľa IFRS

Vymedzenie podmienok, ktoré majú spoločnosti dodržiavať, pokiaľ predkladajú užívateľom účtovnú závierku častejšie ako za celé účtovné obdobie. Touto problemartikou sa v rámci IFRS zaoberá IAS 34 Finančné vykazovanie v priebehu účtovného roka.

Salvato in:
Dettagli Bibliografici
Autore principale: Krupová, Lenka
Altri autori: Ruskin, Anglia
Natura: Capitolo di libro
Lingua:slovacco
Soggetti:
Tags: Aggiungi Tag
Nessun Tag, puoi essere il primo ad aggiungerne!!

MARC

LEADER 00000naa a2200000 4500
001 0205820
005 20231207113230.7
041 0 |a slo 
044 |a SK 
245 1 0 |a Priebežná (medziročná) účtovná závierka podľa IFRS  |c Lenka Krupová, Anglia Ruskin 
520 |a Vymedzenie podmienok, ktoré majú spoločnosti dodržiavať, pokiaľ predkladajú užívateľom účtovnú závierku častejšie ako za celé účtovné obdobie. Touto problemartikou sa v rámci IFRS zaoberá IAS 34 Finančné vykazovanie v priebehu účtovného roka. 
610 2 0 |a závierka účtovná 
610 2 0 |a štandardy účtovné medzinárodné 
610 2 0 |a obdobie účtovné 
100 1 |a Krupová, Lenka 
700 1 |a Ruskin, Anglia